Is it Presently a counry. - Statistics

General Stats
  • This quiz has been taken 31 times
  • The average score is 13 of 14
Answers on the Grid
Answers color-coded by a green-red scale on the quiz's grid according to % correct below.
Canada
Crete
USA
Mozambique
South Africa
Eswatini
Roman Empire
DRC
Prussia
Germany
Serbia
UK
Holy Roman Empire.
Somalia
Indonesia
Italy
Qing dynasty
Ottoman Empire
UAE
India
 
Answer Stats
Answer % Correct
Germany
100%
India
100%
Mozambique
100%
Serbia
100%
Somalia
100%
South Africa
100%
Canada
95%
Indonesia
95%
Italy
95%
UAE
95%
UK
95%
DRC
90%
USA
90%
Eswatini
86%
No matching quizzes found
Score Distribution
Percent of People with Each Score
Percentile by Number Answered
Your Score History
You have not taken this quiz